Super Bowl MVP: QB or Not? Quiz Stats

 Plays Quiz Updated Feb 4, 2018

Challenge
Share
Tweet
Embed
Score 0/52 Timer 08:00
4 Plays Today
Super Bowl QB MVP? (Y or N) % Correct
I???
86.9%
III???
85.2%
XLV???
84.1%
LI???
83.2%
XLIV???
83%
XLI???
81.7%
II???
81.1%
LII???
80.1%
XLII???
80%
XXIX???
79.4%
XVI???
78.9%
XLVI???
78.6%
XIX???
77.9%
XXXIII???
77.3%
XXIV???
77.2%
XXXVI???
74.6%
XLIX???
73.8%
XXXIV???
73.6%
XXXVIII???
72.6%
XIII???
72.2%
XIV???
72%
XLVII???
69.5%
XXII???
68.3%
XXVII???
66.4%
XXI???
66.4%
VI???
65.7%
Super Bowl QB MVP? (Y or N) % Correct
IV???
65.2%
XXXVII???
63.9%
XXVI???
62.2%
XXXV???
61.8%
XX???
59.8%
50???
58.6%
XV???
58.6%
XLVIII???
57.9%
XL???
51.4%
XLIII???
51%
V???
49.2%
XXV???
48.9%
VII???
48.9%
XVIII???
48.5%
VIII???
47.8%
XXVIII???
45.4%
XXX???
45.3%
XI???
44.2%
XVII???
44.2%
XXXIX???
43.9%
XXXI???
40.6%
IX???
39.2%
XII???
39.1%
X???
38.6%
XXXII???
35.4%
XXIII???
28.6%

You're not logged in!

Compare scores with friends on all Sporcle quizzes.
Join for Free
OR
Log In

You Might Also Like...

Show Comments

Extras

Top Quizzes Today


Score Distribution

Your Account Isn't Verified!

In order to create a playlist on Sporcle, you need to verify the email address you used during registration. Go to your Sporcle Settings to finish the process.

Report this User

Report this user for behavior that violates our Community Guidelines.

Details: